| 000 | 00556nam a2200205 a 4500 | ||
|---|---|---|---|
| 001 | 10883 | ||
| 003 | CO-ViMGA | ||
| 008 | 141112s2004 ck r 000 u spa d | ||
| 020 | _a8420619795 | ||
| 040 |
_aCO-ViMGA _bspa _cCO-ViMGA |
||
| 082 | 0 | 4 | _a833.8 H37cl |
| 100 | 1 |
_aHesse, Hermann _914897 |
|
| 245 | 1 | 0 | _aCuentos |
| 260 |
_aMadrid, _cAlianza Editorial |
||
| 300 | _a291 p. | ||
| 500 | _aFecha : 1996. Vol. y núm. : 1, 2, 3, 4 | ||
| 590 | _aDatos de inventario : 08738 - 08739 - 08740 - 08741 | ||
| 650 | 1 | 4 |
_aNOVELA ALEMANA _92669 |
| 942 |
_2ddc _cBK |
||
| 999 |
_c22103 _d22103 |
||